Asrar-E-Khudi / (Record no. 616508)

000 -LEADER
fixed length control field 00452nam a22001457a 4500
082 ## - DEWEY DECIMAL CLASSIFICATION NUMBER
Classification number 891.55
Author Mark IQB
100 ## - MAIN ENTRY--PERSONAL NAME
Personal name Iqbal, Allama Muhammad
245 ## - TITLE STATEMENT
Title Asrar-E-Khudi /
Statement of responsibility, etc. Allama Muhammad Iqbal and Translated by Asghar Ijaz
260 ## - PUBLICATION, DISTRIBUTION, ETC.
Place of publication, distribution, etc. Rawalpindi :
Name of publisher, distributor, etc. Askaria Education System,
Date of publication, distribution, etc. N.A.
300 ## - PHYSICAL DESCRIPTION
Extent 128 p. ;
Dimensions 22 cm.
563 ## - BINDING INFORMATION
Binding note HBK.
650 ## - SUBJECT ADDED ENTRY--TOPICAL TERM
Topical term or geographic name entry element Urdu Poetry
-- Iqbal poetry
880 ## - ALTERNATE GRAPHIC REPRESENTATION
Linkage 245-02\r
Title اسرار خودی
942 ## - ADDED ENTRY ELEMENTS (KOHA)
Source of classification or shelving scheme
Koha item type Book
650 ## - SUBJECT ADDED ENTRY--TOPICAL TERM
-- 117997
Holdings
Withdrawn status Lost status Source of classification or shelving scheme Damaged status Not for loan Permanent Location Current Location Shelving location Date acquired Total Checkouts Full call number Barcode Date last seen Price effective from Koha item type
          Centre for International Peace & Stability (CIPS) Centre for International Peace & Stability (CIPS) General Stacks 02/25/2026   891.55 IQB 2023 CIPS0002941 03/05/2026 03/05/2026 Book
          Centre for International Peace & Stability (CIPS) Centre for International Peace & Stability (CIPS) General Stacks 02/25/2026   891.55 IQB 2023 CIPS0002942 03/05/2026 03/05/2026 Book
© 2023 Central Library, National University of Sciences and Technology. All Rights Reserved.